| 000 | 00602nam a2200181 a 4500 | ||
|---|---|---|---|
| 005 | 20221116063516.0 | ||
| 008 | 991125s1996 ea 000 0 spa u | ||
| 020 | _a3893540822 | ||
| 035 | _aUPN01000020128 | ||
| 049 | _aCG | ||
| 050 | 4 |
_aPC4074 _bE5.7 |
|
| 245 | 0 | 3 |
_aLa enseñanza del léxico español como lengua extranjera : _bhomenaje a Anton e Inge Bemmerlein / _ced. Carlos Segoviano. |
| 260 |
_aFrankfurt am Main, Al. : _bVervuert, _c1996. |
||
| 300 | _a370 p. | ||
| 650 | 4 |
_aEspañol _xEstudio y enseñanza _xEstudiantes extranjeros _97729 |
|
| 700 | 1 |
_aSegoviano, Carlos, _eed. |
|
| 905 | _aLibro | ||
| 999 |
_c20128 _d20128 |
||